000 00890nas a2200313 4500
001 BR7600687
003 BR-BrBNA
005 20231205082910.0
007 ta
008 230509b bl.|||p| |||| 00| 00por d
040 _aBR-BrBNA
_bpor
_cBiblioteca Nacional de Agricultura
041 _a(Pt)
072 _aL00; L30
100 1 _aPereira, J.A.A.
100 1 _aMello, H.V. de
100 1 _aCardoso, E.M.
100 1 _aFreitas, A.F. de
245 1 _aComparacao entre os sistemas confinado e em piquete para suinos em crescimento e acabamento
650 _aCONFINAMENTO
650 _aENGORDA
650 _aRACAO
650 _aPASTAGEM
650 _aPIQUETE
650 _aSUÍNO
650 _aCRESCIMENTO
773 0 _tRevista Ceres (Brazil)
_xISSN 0034-737X
_g(Nov 1975), v. 22(124) p. 371-380
_wBR7600687
909 _a202311
_bLúcia
_c55
_dLúcia Elande
942 _2AGRIS
_n0
_cANA
999 _c94950
_d94950